000 00613nam a2200217Ii 4500
001 19409
003 CO-ViMGA
008 241108s9999||||xx |||||||||||||| ||und||
020 _a9789588826110
040 _aCO-ViMGA
_bspa
_erda
_cCO-ViMGA
041 0 _aspa
084 _aT SOF1e
100 1 _a496?-406? a. de J. C. Sófocles
_944186
245 1 0 _aEdipo Rey
264 1 _aBogotá, Colombia : Mundo Litográfico, 2014
300 _avolumen
336 _atext
_btxt
_2rdacontent
337 _aunmediated
_bn
_2rdamedia
338 _avolume
_bnc
_2rdacarrier
940 _aidficha_siabuc: 19066. -- ficha_no_siabuc:19409
999 _c38637
_d38637